[Event "ch-FRA Top 16 GpB"]
[Site "Cannes FRA"]
[Date "2005.03.31"]
[Round "4"]
[White "Kosten,A"]
[Black "Payen,A"]
[Result "1/2-1/2"]
[WhiteElo "2527"]
[BlackElo "2384"]
[EventDate "2005.03.31"]

1. Nf3 d5 2. c4 c6 3. b3 Bf5 4. Bb2 e6 5. g3 Nf6 6. Bg2 h6 7. O-O Be7 8. d3
O-O 9. Nbd2 Bh7 10. a3 a5 11. Ra2 Nbd7 12. Qa1 Re8 13. Bc3 Bf8 14. Rd1 Qe7
15. Ne5 Nxe5 16. Bxe5 Nd7 17. Bc3 Qd6 18. b4 axb4 19. axb4 Rxa2 20. Qxa2
Bg6 21. Qa7 Bh5 22. Re1 Qb8 23. Qa1 Qc7 24. Nb3 dxc4 25. dxc4 e5 26. Qa7
Qb6 27. Qa5 Bg4 28. e3 e4 29. Ra1 Be2 30. c5 Qxa5 31. Nxa5 b6 32. cxb6 Nxb6
33. Nxc6 Nd5 34. Bd2 Bb5 35. Nd4 Bd3 36. b5 Bc5 37. Bf1 Bxd4 38. exd4 Rc8
39. Bxd3 exd3 40. Ra3 Rc2 41. Rxd3 Rb2 42. g4 Kf8 43. Kg2 Ke7 44. Kf3 Ke6
45. Bc1 Rxb5 46. Ba3 f5 47. h3 g6 48. Bc5 fxg4+ 49. hxg4 h5 50. Ra3 hxg4+
51. Kxg4 Nf6+ 52. Kf4 g5+ 53. Kxg5 Ne4+ 54. Kg6 Nxf2 55. d5+ Kxd5 56. Bxf2
Ke4 57. Ra4+ Kf3 58. Bd4 Ke4 59. Kf6 Rh5 60. Be5+ Kd5 61. Ra5+ Ke4 62. Ke6
Rh6+ 63. Bf6 Rg6 64. Ra4+ Kd3 65. Rh4 Rg2 66. Kd5 Rg3 67. Ra4 Rf3 68. Be5
Ke3 69. Re4+ Kd3 70. Bf4 Rh3 71. Rd4+ Kc3 72. Bd2+ Kc2 73. Kc4 Rh2 74. Bc3
Rg2 75. Re4 Rh2 76. Re3 Rh4+ 77. Bd4 Rh2 78. Rb3 Re2 79. Be3 Kd1 80. Rd3+
Kc2 81. Rc3+ Kb2 82. Bc1+ Kb1 83. Kd3 Rh2 84. Be3 Kb2 85. Rc8 Rh3 86. Rb8+
Ka3 87. Kd4 Ka2 88. Rb7 Ka3 89. Bc1+ Ka4 90. Be3 Ka3 91. Bd2 Ka4 92. Bc3
Rh8 93. Rb4+ Ka3 94. Rb5 Rh4+ 95. Kd3 Ka4 96. Rb7 Rh6 97. Kc2 Rh2+ 98. Bd2
Rh4 99. Bc3 Rg4 100. Kd3 Rg6 101. Rb4+ Ka3 102. Rb5 Ka4 103. Rb1 Rh6 104.
Bd2 Rd6+ 105. Kc2 Rd4 106. Rb4+ 1/2-1/2

[Event "ch-FRA Top 16 GpB"]
[Site "Cannes FRA"]
[Date "2005.03.31"]
[Round "4"]
[White "Midoux,S"]
[Black "Efimov,I"]
[Result "0-1"]
[WhiteElo "2310"]
[BlackElo "2468"]
[EventDate "2005.03.31"]

1. e4 e5 2. Nf3 Nc6 3. Bb5 a6 4. Ba4 g6 5. d4 exd4 6. Bg5 Be7 7. Bxe7 Qxe7
8. O-O Nf6 9. e5 Nh5 10. Bxc6 dxc6 11. Qxd4 O-O 12. Nbd2 Rd8 13. Qe3 Bf5
14. Rac1 Rd5 15. h3 Be6 16. Ne4 Re8 17. Rfe1 Qf8 18. c4 Rdd8 19. b3 f5 20.
exf6 Nxf6 21. Nxf6+ Qxf6 22. Ne5 Bc8 23. Re2 Kg7 24. Rce1 b6 25. Qg3 Rf8
26. Re3 c5 27. Ng4 Bxg4 28. hxg4 Rd7 29. Re6 Qd4 30. R6e4 Qd6 31. Qc3+ Qf6
32. Qxf6+ Kxf6 33. R1e2 Rd4 34. Re6+ Kg7 35. f3 Rf7 36. Kf2 Rxg4 37. Re8
Rd4 38. R8e7 a5 39. a4 Rd3 40. R2e3 Rd2+ 41. Kg3 Rb2 42. Rxf7+ Kxf7 43. Kh3
Kf6 44. g4 Rb1 45. Kg3 h6 46. Kg2 Rd1 47. Kg3 Rd8 48. Kh4 c6 49. f4 Rd4 50.
Kg3 b5 51. cxb5 cxb5 52. axb5 Rb4 53. Kg2 Rxf4 54. Rc3 Rxg4+ 55. Kf3 Rb4
56. Rxc5 Rxb3+ 57. Kf4 Rb4+ 58. Kg3 h5 59. Re5 Kxe5 0-1

[Event "ch-FRA Top 16 GpB"]
[Site "Cannes FRA"]
[Date "2005.03.31"]
[Round "4"]
[White "Lallemand,R"]
[Black "Gervais,C"]
[Result "1-0"]
[WhiteElo "2303"]
[BlackElo "2121"]
[EventDate "2005.03.31"]

1. d4 e6 2. e4 d5 3. Nd2 c5 4. exd5 exd5 5. Ngf3 Nf6 6. Bb5+ Bd7 7. Qe2+
Qe7 8. Ne5 c4 9. Bxd7+ Nfxd7 10. b3 Nxe5 11. dxe5 c3 12. Nf3 Nc6 13. O-O d4
14. Qd3 O-O-O 15. Bg5 f6 16. exf6 gxf6 17. Qf5+ Qd7 18. Qxd7+ Rxd7 19. Bxf6
Bg7 20. Bxg7 Rxg7 21. Rfd1 Rd8 22. a3 Re7 23. Kf1 a5 24. b4 a4 25. b5 Ne5
26. Re1 Rde8 27. Rxe5 Rxe5 28. Nxe5 Rxe5 29. Rd1 Rd5 30. Ke2 Kc7 31. Kd3
Kd6 32. Rb1 Kc5 33. Rb4 Rf5 34. f3 Rf4 35. Rxa4 h5 36. Rc4+ Kd5 37. Rc7 b6
38. Rh7 h4 39. Rh5+ Kd6 40. h3 Kc7 41. Rd5 Re4 42. Kxe4 1-0

[Event "ch-FRA Top 16 GpB"]
[Site "Cannes FRA"]
[Date "2005.04.01"]
[Round "5"]
[White "Shirov,A"]
[Black "Nikolic,Pr"]
[Result "1/2-1/2"]
[WhiteElo "2713"]
[BlackElo "2676"]
[EventDate "2005.03.31"]

1. e4 e6 2. d4 d5 3. Nc3 Bb4 4. e5 c5 5. a3 Bxc3+ 6. bxc3 Qc7 7. Nf3 b6 8.
Bb5+ Bd7 9. Bd3 c4 10. Be2 Ba4 11. h4 Nc6 12. h5 h6 13. Bf4 O-O-O 14. g4
Nge7 15. Bg3 Qd7 16. Qd2 Kb7 17. Nh4 Rdg8 18. Ng2 f6 19. Ne3 fxe5 20. dxe5
b5 21. f4 Rd8 22. Bf3 Ka6 23. Kf2 Qc7 24. Rad1 Qb6 25. Kg2 d4 26. cxd4 Nxd4
27. Qf2 Nxc2 28. Nxc2 Qxf2+ 29. Kxf2 Bxc2 30. Rd6+ Rxd6 31. exd6 Nc8 32. d7
Nb6 33. Bc6 Nxd7 34. Bxd7 Rd8 35. Bxe6 Rd2+ 36. Ke3 Rd3+ 37. Kf2 Rd2+ 38.
Ke3 1/2-1/2

[Event "ch-FRA Top 16 GpB"]
[Site "Cannes FRA"]
[Date "2005.04.01"]
[Round "5"]
[White "Delchev,A"]
[Black "McShane,L"]
[Result "1-0"]
[WhiteElo "2597"]
[BlackElo "2614"]
[EventDate "2005.03.31"]

1. e4 c5 2. Nf3 Nc6 3. d4 cxd4 4. Nxd4 Nf6 5. Nc3 e5 6. Ndb5 d6 7. Bg5 a6
8. Na3 b5 9. Bxf6 gxf6 10. Nd5 f5 11. Bd3 Be6 12. O-O Bxd5 13. exd5 Ne7 14.
Re1 Bg7 15. c3 O-O 16. Qh5 e4 17. Bf1 Re8 18. Rad1 Qa5 19. Qg5 Qa4 20. Rd2
Ng6 21. Qxf5 Bxc3 22. bxc3 Re5 23. Qf6 Qxa3 24. Re3 Rae8 25. Be2 h5 26. h4
Qc5 27. Rd4 Qc7 28. g3 Qd7 29. Bf1 Nf8 30. Bg2 Nh7 31. Qh6 f5 32. f4 exf3
33. Rxf3 Qg7 34. Qxd6 Nf6 35. Qc6 Re1+ 36. Bf1 Nd7 37. d6 Kh7 38. Kg2 R8e3
39. Qb7 Kh6 40. Rdf4 Re6 41. Qd5 R1e5 42. Qd2 Kg6 43. Rxf5 Rxf5 44. Rxf5
Re2+ 45. Qxe2 Kxf5 46. Kh2 Kg6 47. Qe6+ Qf6 48. Bd3+ 1-0

[Event "ch-FRA Top 16 GpB"]
[Site "Cannes FRA"]
[Date "2005.04.01"]
[Round "5"]
[White "Bauer,Ch"]
[Black "Agrest,E"]
[Result "0-1"]
[WhiteElo "2636"]
[BlackElo "2579"]
[EventDate "2005.03.31"]

1. Nf3 d5 2. c4 c6 3. e3 Nf6 4. Qc2 a6 5. h3 e6 6. b3 Bd6 7. Bb2 Nbd7 8.
Be2 e5 9. d4 e4 10. Nfd2 Nf8 11. Nc3 Ng6 12. O-O-O Be6 13. g4 b5 14. c5 Bc7
15. g5 Nd7 16. h4 Ne7 17. f3 b4 18. Na4 exf3 19. Bxf3 O-O 20. Be2 Bf5 21.
Bd3 Bxd3 22. Qxd3 f5 23. Kb1 Qb8 24. Nf3 Qb5 25. Qc2 Rae8 26. Rhe1 Nc8 27.
Bc1 Na7 28. Nb2 Qb8 29. Nd3 a5 30. Re2 Nb5 31. Bb2 Re7 32. h5 Qe8 33. g6 h6
34. Rde1 Nf6 35. Nde5 Ne4 36. Ka1 Bb8 37. Rg2 Ra7 38. Nf7 Qe6 39. Rf1 Ng3
40. Rfg1 Nxh5 41. Nh4 f4 42. Qd1 Nf6 43. exf4 Ne4 44. Qg4 Qxg4 45. Rxg4 Nf6
46. R4g2 Bxf4 47. Nf5 Re8 48. Rf2 Nh5 49. Bc1 Bxc1 50. Rxc1 Nc3 51. N7d6
Re2 52. Rcf1 Nf4 53. Nc8 Rc7 54. Nfe7+ Kh8 55. Rxe2 Ncxe2 56. Rf2 h5 57.
Kb1 h4 58. Rf3 Rxc8 59. Nxc8 Nxg6 60. Na7 Nxd4 61. Rd3 Ne6 62. Nxc6 Ngf4
63. Rf3 g5 64. Ne5 Kg7 65. c6 Kf6 66. Re3 Kf5 67. Nf3 Kf6 68. Re1 h3 69.
Rg1 Ng2 70. Rf1 Ke7 71. Nh2 Ngf4 72. Kc2 Kd6 73. Kd2 d4 74. Rg1 Nc5 75. Nf3
Ne4+ 76. Ke1 d3 77. Nd2 Nc3 78. Nf3 Ne4 79. Nd2 Nf6 80. Kf2 g4 81. Nc4+ Kc7
82. Ne5 g3+ 83. Rxg3 Ne4+ 0-1

[Event "ch-FRA Top 16 GpB"]
[Site "Cannes FRA"]
[Date "2005.04.01"]
[Round "5"]
[White "Vaisser,A"]
[Black "Tkachiev,V"]
[Result "1/2-1/2"]
[WhiteElo "2581"]
[BlackElo "2609"]
[EventDate "2005.03.31"]

1. d4 Nf6 2. c4 e6 3. Nc3 Bb4 4. Qc2 c5 5. dxc5 O-O 6. a3 Bxc5 7. Nf3 b6 8.
Bg5 Bb7 9. e3 Be7 10. Be2 a6 11. O-O d6 12. Bxf6 Bxf6 13. Rfd1 Qc7 14. Rd2
Rd8 15. Rad1 Be7 16. Ne4 h6 17. Ng3 Nd7 18. Nd4 Nf6 19. Bf3 Rac8 20. Bxb7
Qxb7 21. Qd3 d5 22. cxd5 Rxd5 23. Qb1 b5 24. Rc1 Rdc5 25. Rdc2 Nd7 26. Nb3
Rxc2 27. Rxc2 Ne5 28. Nf1 Rxc2 29. Qxc2 Qc6 30. Qb1 Qc4 31. Nd4 Qd3 32.
Qxd3 Nxd3 33. Nc6 Bf6 34. b4 Bb2 35. Nb8 Bxa3 36. Nxa6 Bxb4 37. Nc7 Be1 38.
Nxb5 Bxf2+ 39. Kh1 Ne5 40. Nd4 Nc4 41. Nc2 Bh4 42. g3 Bd8 43. Kg2 Kh7 44.
Kf3 Kg6 45. Nd4 Bb6 46. Nb3 Kf5 47. h3 h5 48. Nbd2 Ne5+ 49. Ke2 g5 50. e4+
Kf6 51. Nf3 Ng6 52. N1d2 Bc7 53. Kf2 h4 54. gxh4 gxh4 55. Nc4 Bg3+ 56. Ke3
Bf4+ 57. Kf2 Bc7 58. Ke2 Bg3 59. Ke3 Kg7 60. Nb2 f6 61. Nd3 Kf7 62. Kd4 Ke7
63. Ke3 Bb8 64. Ke2 Ba7 65. Nd2 f5 66. exf5 exf5 67. Kf3 Bb8 68. Nc4 Ke6
69. Ne3 Kf6 70. Nd5+ Kg5 71. Ke2 Nf8 72. Ne1 Bg3 73. Nf3+ Kg6 74. Nd4 Bd6
75. Ne3 Bc5 76. Ke1 1/2-1/2

[Event "ch-FRA Top 16 GpB"]
[Site "Cannes FRA"]
[Date "2005.04.01"]
[Round "5"]
[White "Nikolaidis,I"]
[Black "Fontaine,R"]
[Result "1-0"]
[WhiteElo "2520"]
[BlackElo "2537"]
[EventDate "2005.03.31"]

1. Nf3 d5 2. c4 c6 3. d4 Nf6 4. Nc3 dxc4 5. a4 Bg4 6. Ne5 Bh5 7. f3 Nfd7 8.
Nxc4 e5 9. e4 Qh4+ 10. g3 Qf6 11. dxe5 Qxf3 12. Nd6+ Bxd6 13. Qxd6 Qxh1 14.
Bg5 f6 15. exf6 gxf6 16. Bxf6 Nxf6 17. Qe6+ Kf8 18. Qxf6+ Kg8 19. Qd8+ Kf7
20. Qxh8 Qxh2 21. Bc4+ Ke7 22. Qxh7+ Kd6 23. e5+ Kc5 24. Ne4+ Kxc4 25. b3+
Kxb3 26. Nd2+ Kb4 27. Qxb7+ Kc3 28. Ra3+ Kd4 29. Qb2+ Kd5 30. Ra1 1-0

[Event "ch-FRA Top 16 GpB"]
[Site "Cannes FRA"]
[Date "2005.04.01"]
[Round "5"]
[White "Chabanon,JL"]
[Black "Dunis,A"]
[Result "1/2-1/2"]
[WhiteElo "2431"]
[BlackElo "2462"]
[EventDate "2005.03.31"]

1. d4 d5 2. c4 c6 3. Nf3 Nf6 4. Nc3 a6 5. c5 Nbd7 6. Bf4 Nh5 7. Bg5 h6 8.
Be3 Nhf6 9. h3 e6 10. Rc1 Be7 11. Bf4 O-O 12. e3 b6 13. cxb6 Qxb6 14. Qc2
c5 15. Be2 Bb7 16. O-O cxd4 17. exd4 Rfc8 18. Qd2 Ne4 19. Nxe4 dxe4 20. Ne5
Nxe5 21. dxe5 Bd5 22. Be3 Qb7 23. a3 a5 24. Rxc8+ Rxc8 25. Rc1 Rb8 26. Rc2
Bb3 27. Rc3 Bf8 28. Bc5 Bxc5 29. Rxc5 Bd5 30. Rb5 Qc7 31. Rxb8+ Qxb8 32.
Qc3 a4 33. Bd1 Qa8 34. Bc2 g6 35. Qd4 e3 36. fxe3 Bxg2 37. Qxa4 Qf3 38. Qf4
Qxh3 39. Qh2 Qxe3+ 40. Kxg2 Qe2+ 41. Kh3 Qh5+ 42. Kg2 Qe2+ 43. Kh3 Qh5+
1/2-1/2

[Event "ch-FRA Top 16 GpB"]
[Site "Cannes FRA"]
[Date "2005.04.01"]
[Round "5"]
[White "Bujisho,B"]
[Black "Gozzoli,Y"]
[Result "1-0"]
[WhiteElo "2399"]
[BlackElo "2433"]
[EventDate "2005.03.31"]

1. e4 c5 2. Nf3 d6 3. d4 Nf6 4. Nc3 cxd4 5. Nxd4 a6 6. Be3 Ng4 7. Bg5 h6 8.
Bh4 g5 9. Bg3 Bg7 10. Qd2 Nc6 11. Nb3 b5 12. f3 Nge5 13. Bf2 Rb8 14. Nd5
Be6 15. c3 a5 16. Be2 Nc4 17. Bxc4 bxc4 18. Nc1 Bxd5 19. exd5 Ne5 20. h4
Qc8 21. O-O Qf5 22. Bd4 Bf6 23. f4 gxf4 24. Rxf4 Qg6 25. Bxe5 Bxe5 26. Rxc4
Qg3 27. Ne2 Qh2+ 28. Kf2 Rg8 29. Rg1 Bg3+ 30. Kf1 Rg6 31. Nxg3 Qxg3 32. Rh1
Kf8 33. Rh3 Qe5 34. Kg1 Qf5 35. Kh2 Qe5+ 36. Kh1 Qf5 37. b3 Rb5 38. Rd4
Qb1+ 39. Kh2 Rc5 40. Rf3 Ke8 41. b4 axb4 42. Rxb4 Qa1 43. Qc2 1-0

[Event "ch-FRA Top 16 GpB"]
[Site "Cannes FRA"]
[Date "2005.04.01"]
[Round "5"]
[White "Leconte,M"]
[Black "Nicoara,M"]
[Result "1-0"]
[WhiteElo "2287"]
[BlackElo "2242"]
[EventDate "2005.03.31"]

1. e4 Nf6 2. e5 Nd5 3. d4 d6 4. c4 Nb6 5. exd6 cxd6 6. Nc3 g6 7. a4 a5 8.
c5 dxc5 9. Bb5+ N6d7 10. Bf4 Bg7 11. Nd5 e5 12. Bxe5 O-O 13. Bxg7 Kxg7 14.
dxc5 Nc6 15. Rc1 Qg5 16. Kf1 Qe5 17. Nf3 Qxb2 18. Rc2 Qb3 19. Bc4 Qxa4 20.
Nc7 Rb8 21. Qc1 Nb4 22. Qb2+ Nf6 23. Rd2 Qc6 24. Rd6 Qxc7 25. Qxf6+ Kg8 26.
Ne5 Bf5 27. g4 b5 28. gxf5 bxc4 29. Rd7 Nd5 30. Rxd5 Rb1+ 31. Kg2 Rxh1 32.
Rd7 Qxc5 33. Ng4 h5 34. Nh6+ Kh7 35. Rxf7+ 1-0

[Event "ch-FRA Top 16 GpB"]
[Site "Cannes FRA"]
[Date "2005.04.01"]
[Round "5"]
[White "Gurevich,M"]
[Black "Kogan,Ar"]
[Result "1-0"]
[WhiteElo "2634"]
[BlackElo "2592"]
[EventDate "2005.03.31"]

1. d4 Nf6 2. c4 e6 3. Nc3 Bb4 4. e3 Nc6 5. Nge2 d5 6. a3 Bd6 7. c5 Be7 8.
b4 e5 9. Ng3 h5 10. Bb5 h4 11. Nge2 e4 12. h3 Bf5 13. f3 Qd7 14. fxe4 Nxe4
15. Nxe4 Bxe4 16. O-O Rh6 17. Nc3 Rg6 18. Nxe4 dxe4 19. Qh5 Bf6 20. Qh8+
Ke7 21. Qxa8 Qxh3 22. Ra2 Qg3 23. Qxb7 Nxd4 24. Qxe4+ Be5 25. exd4 Qh2+ 26.
Kf2 1-0

[Event "ch-FRA Top 16 GpB"]
[Site "Cannes FRA"]
[Date "2005.04.01"]
[Round "5"]
[White "Degraeve,JM"]
[Black "Vallin,G"]
[Result "1-0"]
[WhiteElo "2569"]
[BlackElo "2420"]
[EventDate "2005.03.31"]

1. e4 e6 2. d4 d5 3. e5 c5 4. c3 Qb6 5. Nf3 Nc6 6. a3 c4 7. Nbd2 Na5 8. Be2
Bd7 9. O-O Ne7 10. Re1 Nc8 11. Rb1 Qc7 12. Nf1 Nb3 13. Be3 Nb6 14. N3d2 Na5
15. Bg5 Ba4 16. Qc1 h6 17. Bh4 g5 18. Bg3 h5 19. h3 Bh6 20. Ne3 g4 21. hxg4
Bxe3 22. fxe3 hxg4 23. Bf4 Rg8 24. Bd1 Bc6 25. Nf1 O-O-O 26. Ng3 Qe7 27.
Kf2 Nd7 28. Rh1 f6 29. exf6 Qxf6 30. Rh6 Rg6 31. Rxg6 Qxg6 32. Bc2 Qg7 33.
Qd2 Rh8 34. Rf1 b6 35. Qd1 Bb7 36. Rh1 Rxh1 37. Qxh1 Nc6 38. Qh5 Nf6 39.
Qg5 Qxg5 40. Bxg5 Ne8 41. Bd1 Nd6 42. Bxg4 Kd7 43. Bf4 Ne8 44. Nh5 Ke7 45.
Bg5+ Kf7 46. Nf4 Ng7 47. Bf3 Nb8 48. g4 Bc8 49. Bh6 Bd7 50. Bxg7 Kxg7 51.
g5 Na6 52. Kg3 Nc7 53. Nh5+ Kg6 54. Kf4 Ne8 55. Ng3 Ng7 56. Bd1 e5+ 57.
Kxe5 Kxg5 58. Kxd5 Kh4 59. Nf1 Bh3 60. Nd2 Nf5 61. Ke4 Kg3 62. Nxc4 Kf2 63.
Kf4 1-0

[Event "ch-FRA Top 16 GpB"]
[Site "Cannes FRA"]
[Date "2005.04.01"]
[Round "5"]
[White "Payen,A"]
[Black "Relange,E"]
[Result "1/2-1/2"]
[WhiteElo "2384"]
[BlackElo "2500"]
[EventDate "2005.03.31"]

1. d4 Nf6 2. c4 g6 3. g3 Bg7 4. Bg2 O-O 5. Nc3 d6 6. Nf3 Nbd7 7. O-O e5 8.
e4 c6 9. Be3 Ng4 10. Bg5 f6 11. Bc1 f5 12. exf5 gxf5 13. h3 Nh6 14. Bg5 Qe8
15. dxe5 dxe5 16. Nh4 Nf6 17. Re1 Nf7 1/2-1/2

[Event "ch-FRA Top 16 GpB"]
[Site "Cannes FRA"]
[Date "2005.04.01"]
[Round "5"]
[White "Hernandez,Gi"]
[Black "Beikert,G"]
[Result "1-0"]
[WhiteElo "2512"]
[BlackElo "2430"]
[EventDate "2005.03.31"]

1. e4 e5 2. Nf3 Nc6 3. Bb5 a6 4. Ba4 Nf6 5. d3 b5 6. Bb3 Bc5 7. Nc3 d6 8.
Nd5 h6 9. Nxf6+ Qxf6 10. Bd5 Bd7 11. Be3 Rd8 12. Qd2 Ne7 13. Bxc5 dxc5 14.
Qc3 O-O 15. Qxc5 Bh3 16. O-O Ng6 17. Ne1 c6 18. Qxc6 Rd6 19. Qc5 Nf4 20.
gxh3 Qh4 21. Qe3 Rfd8 22. Kh1 Rg6 23. Rd1 Rdd6 24. d4 Rg5 25. dxe5 Rdg6 26.
Bxf7+ Kxf7 27. Nf3 1-0

[Event "ch-FRA Top 16 GpB"]
[Site "Cannes FRA"]
[Date "2005.04.01"]
[Round "5"]
[White "Eliet,N"]
[Black "Sebag,M"]
[Result "1-0"]
[WhiteElo "2430"]
[BlackElo "2421"]
[EventDate "2005.03.31"]

1. c4 e5 2. b3 Nf6 3. Bb2 Nc6 4. e3 Be7 5. a3 a5 6. Qc2 h6 7. d3 d5 8. cxd5
Nxd5 9. Nf3 Bf6 10. Nbd2 g5 11. h3 O-O 12. Be2 Bg7 13. g4 Re8 14. Rg1 Be6
15. Ne4 Nde7 16. h4 f6 17. d4 exd4 18. Rd1 a4 19. bxa4 Qd5 20. Nxd4 Qa5+
21. Kf1 Nxd4 22. Bxd4 Rf8 23. hxg5 hxg5 24. Nc5 Bd5 25. e4 Bf7 26. Nd7 Rfd8
27. Bc3 Qxa4 28. Qxa4 Rxa4 29. Nxf6+ Bxf6 30. Rxd8+ Kg7 31. e5 1-0

[Event "ch-FRA Top 16 GpB"]
[Site "Cannes FRA"]
[Date "2005.04.01"]
[Round "5"]
[White "Abergel,T"]
[Black "Midoux,S"]
[Result "0-1"]
[WhiteElo "2443"]
[BlackElo "2310"]
[EventDate "2005.03.31"]

1. e4 c5 2. Nf3 Nc6 3. Bb5 g6 4. Bxc6 dxc6 5. d3 Bg7 6. h3 Nf6 7. Nc3 Nd7
8. Be3 e5 9. Qd2 h6 10. Ne2 Qe7 11. Nh2 Nf8 12. O-O-O a5 13. f4 exf4 14.
Nxf4 Ne6 15. Nf3 a4 16. Ne2 Nc7 17. Rhe1 Kf8 18. e5 Be6 19. Nc3 Bd5 20. Bg1
Ne6 21. Kb1 Bxf3 22. gxf3 a3 23. b3 Nd4 24. Qf2 b6 25. f4 Kg8 26. Qg2 Qd7
27. Ne4 Nf5 28. Ng3 Nxg3 29. Qxg3 Kh7 30. d4 Rhd8 31. Rd3 cxd4 32. Bxd4 Qc7
33. Red1 c5 34. Bc3 Rxd3 35. Qxd3 Re8 36. Qd7 Qxd7 37. Rxd7 g5 38. Rxf7 Kg6
39. Rb7 gxf4 40. Rxb6+ Kf5 41. Kc1 Rd8 42. Rc6 f3 43. Rc7 Bh8 44. Rf7+ Ke4
45. Ba5 Rd5 46. c4 Rxe5 47. Kd2 Re6 48. Bc7 Bf6 49. Bg3 Bg5+ 50. Ke1 Be3
51. Kf1 Rg6 52. Re7+ Kd3 53. Rxe3+ Kxe3 54. Bf2+ Kd3 55. Bxc5 Rg2 56. Bxa3
Rxa2 57. Bf8 h5 58. Bd6 Rb2 59. b4 Kxc4 60. Kg1 Kd5 61. Be7 Rg2+ 62. Kf1
Rh2 63. Kg1 Rg2+ 64. Kf1 Rh2 65. Kg1 Rxh3 66. b5 Rg3+ 67. Kf2 Rg7 68. Bd8
Ke4 69. b6 Rg2+ 70. Kf1 Rb2 71. Kg1 Kf4 72. Kf1 Kg4 73. Kg1 h4 74. Kf1 h3
0-1

[Event "ch-FRA Top 16 GpB"]
[Site "Cannes FRA"]
[Date "2005.04.01"]
[Round "5"]
[White "Gervais,C"]
[Black "Bergez,L"]
[Result "0-1"]
[WhiteElo "2121"]
[BlackElo "2371"]
[EventDate "2005.03.31"]

1. d4 d5 2. c4 e5 3. e3 exd4 4. exd4 Nf6 5. Nf3 Bb4+ 6. Bd2 Bxd2+ 7. Nbxd2
O-O 8. Be2 Nc6 9. O-O Bg4 10. c5 Ne4 11. Nb3 Re8 12. Ne5 Bxe2 13. Qxe2 Nxe5
14. dxe5 Qe7 15. Qb5 c6 16. Qb4 a5 17. Nxa5 Qxc5 18. Qxc5 Nxc5 19. b4 Rxe5
20. Nxc6 bxc6 21. bxc5 Ra5 22. a4 g6 23. Rfc1 Re4 24. Kf1 Kg7 25. Rc2 Raxa4
26. Rb1 Rac4 27. Ra2 Rxc5 28. Ra7 Rc2 0-1

[Event "ch-FRA Top 16 GpB"]
[Site "Cannes FRA"]
[Date "2005.04.01"]
[Round "5"]
[White "Lutz,C"]
[Black "Milov,V"]
[Result "1/2-1/2"]
[WhiteElo "2614"]
[BlackElo "2668"]
[EventDate "2005.03.31"]

1. e4 g6 2. d4 Bg7 3. Nc3 d6 4. f4 c6 5. Nf3 Nd7 6. Bd3 e5 7. dxe5 dxe5 8.
O-O Ngf6 9. Kh1 O-O 10. f5 Qe7 11. Qe1 Nc5 12. Qh4 gxf5 13. Bg5 Re8 14.
exf5 e4 15. Rae1 Qd6 16. Bxe4 Nfxe4 17. Nxe4 Nxe4 18. Rxe4 Bxf5 19. Re7
Rxe7 20. Bxe7 Qg6 21. Qb4 Be6 22. Qxb7 Re8 23. c3 Bg4 24. Nd4 Qd3 25. Rg1
Bxd4 1/2-1/2

[Event "ch-FRA Top 16 GpB"]
[Site "Cannes FRA"]
[Date "2005.04.01"]
[Round "5"]
[White "Romero Holmes,A"]
[Black "Berkes,F"]
[Result "0-1"]
[WhiteElo "2515"]
[BlackElo "2610"]
[EventDate "2005.03.31"]

1. e4 c5 2. Nc3 d6 3. f4 Nc6 4. Nf3 g6 5. d4 cxd4 6. Nxd4 Bg7 7. Nb3 Nf6 8.
Be2 O-O 9. O-O b5 10. a3 Bb7 11. Be3 a6 12. Qd2 Nd7 13. a4 b4 14. Nd1 Nc5
15. Bxc5 dxc5 16. Qxd8 Rfxd8 17. e5 Nd4 18. Nxd4 Rxd4 19. Ne3 g5 20. fxg5
Bxe5 21. Nf5 Rd2 22. Nh6+ Kg7 23. Rxf7+ Kg6 24. Rxe7 Rxe2 25. Rxb7 Rf8 26.
Ng4 Bxb2 27. Rd1 Bd4+ 28. Kh1 Kxg5 29. h3 h5 30. Nh2 Rff2 31. Nf3+ Rxf3 32.
gxf3 Kh4 33. Rxd4+ cxd4 34. Kg1 Rxc2 35. Rxb4 Kg3 36. Kf1 Kxf3 37. Ke1 Ke3
38. Kd1 Ra2 39. Rb6 Ra1+ 0-1

[Event "ch-FRA Top 16 GpB"]
[Site "Cannes FRA"]
[Date "2005.04.01"]
[Round "5"]
[White "Glek,I"]
[Black "Rahal,M"]
[Result "1/2-1/2"]
[WhiteElo "2588"]
[BlackElo "2431"]
[EventDate "2005.03.31"]

1. e4 e6 2. d4 d5 3. Nd2 Nf6 4. e5 Nfd7 5. f4 c5 6. Ngf3 Nc6 7. Nb3 Be7 8.
Be3 c4 9. Nbd2 Qb6 10. Qc1 O-O 11. Be2 f6 12. Bf2 Qd8 13. O-O f5 14. Kh1 b5
15. Rg1 Nb6 16. Nf1 Bd7 17. h3 Be8 18. Kh2 a5 19. Ne3 Kh8 20. a3 Na4 21. c3
b4 22. Bd1 b3 23. Be2 Na7 24. Qd2 Rb8 25. g4 Bg6 26. gxf5 Bxf5 27. Ng5 Nb5
28. Bh4 Rb6 29. Nxf5 exf5 30. Bf2 h6 31. Nf3 Re6 32. Ne1 Nc7 33. Bh5 Kh7
34. Ng2 g6 35. Bf3 Nb6 36. h4 Rc6 37. Rae1 Ne6 38. Qc1 Kh8 39. Re3 Rg8 40.
Be2 Kh7 41. Rh3 Qe8 42. Ne1 Bd8 43. Nf3 Rg7 44. Be3 h5 45. Rhg3 Rg8 46. Bf1
a4 47. Bh3 Qf7 48. Bg2 Kh8 49. Bh1 Be7 1/2-1/2

[Event "ch-FRA Top 16 GpB"]
[Site "Cannes FRA"]
[Date "2005.04.01"]
[Round "5"]
[White "Hinks Edwards,T"]
[Black "Wirig,A"]
[Result "1/2-1/2"]
[WhiteElo "2383"]
[BlackElo "2396"]
[EventDate "2005.03.31"]

1. e4 c5 2. f4 e6 3. Nf3 d5 4. Nc3 dxe4 5. Nxe4 Nc6 6. Bb5 Bd7 7. Qe2 a6 8.
Bxc6 Bxc6 9. f5 Bxe4 10. Qxe4 Qd5 11. Qxd5 exd5 12. d4 c4 13. Bf4 f6 14.
Kf2 Ne7 15. g4 Nc8 16. Rae1+ Kd7 17. Nd2 Bd6 18. Kf3 1/2-1/2

[Event "ch-FRA Top 16 GpB"]
[Site "Cannes FRA"]
[Date "2005.04.01"]
[Round "5"]
[White "Bijaoui,M"]
[Black "Boudre,JP"]
[Result "1/2-1/2"]
[WhiteElo "2345"]
[BlackElo "2339"]
[EventDate "2005.03.31"]

1. e4 e5 2. Nf3 Nc6 3. Nc3 Nf6 4. Bb5 Nd4 5. Ba4 Bc5 6. d3 O-O 7. Bg5 c6 8.
O-O d6 9. Nxd4 Bxd4 10. Bb3 h6 11. Be3 a5 12. a3 Be6 13. Bxe6 fxe6 14. Bxd4
exd4 15. Ne2 e5 16. c3 dxc3 17. Qb3+ Kh7 18. bxc3 b5 19. Ng3 Nd7 20. d4 Nb6
21. Rad1 Qc7 22. Nf5 Rf6 23. Ne3 Raf8 24. f3 h5 25. Kh1 g6 26. Rd3 Qf7 27.
d5 Na4 28. Qb1 Nc5 29. Rdd1 Qb7 30. c4 Rb8 31. dxc6 Qxc6 32. cxb5 Rxb5 33.
Qc2 Rb3 34. Nc4 Qb5 35. Rd5 a4 36. Rfd1 Qa6 37. Nxd6 Ne6 38. h3 Qb6 39.
Rxe5 Rb2 40. Nc4 Rxc2 41. Nxb6 Nf4 42. Rd7+ Kh6 43. Nd5 Nxd5 44. Rexd5 Rb6
45. Rd2 Rc1+ 46. Rd1 Rxd1+ 47. Rxd1 Rb3 48. h4 Rxa3 49. Rd7 Ra1+ 50. Kh2 a3
51. Ra7 Ra2 52. Kg3 Ra1 53. Kh3 Ra2 54. Kg3 Ra1 55. Kf4 Ra2 56. g3 Ra1 57.
Ke5 Rg1 58. Kf4 Ra1 59. e5 a2 60. e6 Re1 61. Rxa2 Rxe6 62. Ra4 Rf6+ 63. Ke3
Rb6 64. Ke4 Re6+ 65. Kd3 Re1 66. Re4 Rg1 67. g4 hxg4 68. Rxg4 Re1 69. Kd2
Re5 70. Re4 Ra5 71. Ke3 Rb5 72. Kf4 Ra5 73. Re6 Ra4+ 74. Kg3 Rb4 75. f4 Kh5
76. Re5+ Kh6 77. Kg4 Rb1 1/2-1/2

[Event "ch-FRA Top 16 GpB"]
[Site "Cannes FRA"]
[Date "2005.04.01"]
[Round "5"]
[White "Guidarelli,L"]
[Black "Becker,Marc1"]
[Result "1/2-1/2"]
[WhiteElo "2438"]
[BlackElo "2384"]
[EventDate "2005.03.31"]

1. d4 Nf6 2. Nf3 e6 3. g3 b5 4. Bg2 Bb7 5. Bg5 Be7 6. O-O O-O 7. c3 h6 8.
Bxf6 Bxf6 9. a4 bxa4 10. Rxa4 d5 11. Nfd2 Nd7 12. e4 c5 13. exd5 Bxd5 14.
Bxd5 exd5 15. Nb3 cxd4 16. Nxd4 Nc5 17. Rb4 Qd7 18. Na3 Rab8 19. Nac2 a5
20. Rxb8 Rxb8 21. Qa1 a4 22. Rd1 Qb7 23. Qa3 Ne4 24. Nb4 1/2-1/2

[Event "ch-FRA Top 16 GpB"]
[Site "Cannes FRA"]
[Date "2005.04.01"]
[Round "5"]
[White "Brunner,N"]
[Black "Guadalpi,D"]
[Result "1/2-1/2"]
[WhiteElo "2288"]
[BlackElo "2324"]
[EventDate "2005.03.31"]

1. d4 Nf6 2. c4 e6 3. Nc3 Bb4 4. Qc2 O-O 5. a3 Bxc3+ 6. Qxc3 d6 7. Bg5 Nbd7
8. e3 b6 9. Bd3 Ba6 10. Ne2 c5 11. Qc2 h6 12. Bh4 Rc8 13. Qa4 Nb8 14. dxc5
Rxc5 15. O-O Qd7 16. Qb3 Nc6 17. Bxf6 gxf6 18. Qa4 Ne5 19. Qxd7 Nxd7 20.
Rfd1 Ne5 21. b4 Rc7 22. b5 Bb7 23. Nf4 Rd8 24. Rac1 Kf8 25. Be2 Ke7 26. a4
Rdc8 27. a5 Nxc4 28. axb6 axb6 29. Ra1 Ne5 30. h4 Ra8 31. Rxa8 Bxa8 32. Ra1
Bb7 33. Nh5 Nd7 34. Ra7 Kd8 35. Ra4 f5 36. g4 Rc1+ 37. Kh2 Nc5 38. Ra7 Rc2
39. Ng3 fxg4 40. Kg1 f5 41. Bf1 Kc8 42. Nh5 Kb8 43. Ra1 Ne4 44. Bd3 Rd2 45.
Bxe4 Bxe4 46. Nf6 Bb7 47. Rc1 Bf3 48. Ng8 f4 49. exf4 Rd5 50. Kh2 Rxb5 51.
Re1 d5 52. Rxe6 d4 1/2-1/2

[Event "ch-FRA Top 16 GpB"]
[Site "Cannes FRA"]
[Date "2005.04.01"]
[Round "5"]
[White "Meynard,T"]
[Black "Templier,N"]
[Result "1-0"]
[WhiteElo "2242"]
[BlackElo "2299"]
[EventDate "2005.03.31"]

1. d4 Nf6 2. c4 e6 3. a3 d5 4. Nc3 c5 5. Nf3 cxd4 6. Nxd4 e5 7. Nf3 d4 8.
Nxe5 Be7 9. Nb5 a6 10. Qa4 O-O 11. e3 Nbd7 12. Nxf7 Rxf7 13. Nxd4 Bd6 14.
Nf3 Ne4 15. Qc2 Ndf6 16. b4 Re7 17. Bd3 Bg4 18. Nd4 Be5 19. Bb2 Ng5 20. O-O
Qc7 21. f4 Bxd4 22. Bxd4 Nge4 23. h3 Bd7 24. g4 Qc6 25. Kh2 Rc8 26. Be5 Be6
27. g5 Bxc4 28. gxf6 gxf6 29. Bxe4 1-0